000 00360 a2200109 4500
001 ART_10487
005 20260410161848.0
008 260409a
245 1 0 _aEfectos redistributivos de la inflación en el sector manufacturero argentino
100 1 _aMontuschi, Luisa
773 0 _tEconómica
_g- Año XXII, Nº2/3 (may./dic. 1976)
_wREV7541
999 _c24778
_d24778